|
|
|
|
| LEADER |
00000cas a2200000 c 4500 |
| 001 |
196302528 |
| 003 |
DE-627 |
| 005 |
20230410192129.0 |
| 007 |
tu |
| 008 |
960423c19759999xxuz| p| 0 |0und c |
| 016 |
7 |
|
|a 018160409
|2 DE-101
|
| 016 |
7 |
|
|a 1312004-9
|2 DE-600
|
| 035 |
|
|
|a (DE-627)196302528
|
| 035 |
|
|
|a (DE-576)9196302526
|
| 035 |
|
|
|a (DE-599)ZDB1312004-9
|
| 035 |
|
|
|a (OCoLC)917677669
|
| 040 |
|
|
|a DE-627
|b ger
|c DE-627
|e rakwb
|
| 044 |
|
|
|c XD-US
|
| 082 |
0 |
4 |
|a 230
|a 820
|q DE-600
|
| 084 |
|
|
|a 1
|2 ssgn
|
| 110 |
2 |
|
|e Verfasser
|0 (DE-588)5169476-1
|0 (DE-627)194789497
|0 (DE-576)195711556
|4 aut
|a Charles and Margaret Hall Cushwa Center for the Study of American Catholicism
|g Notre Dame, Ind.
|
| 245 |
1 |
0 |
|a Report of activities / The Charles and Margaret Hall Cushwa Center for the Study of American
|
| 264 |
3 |
1 |
|a Notre Dame, Ind.
|b Univ.
|c 1975-
|
| 336 |
|
|
|a Text
|b txt
|2 rdacontent
|
| 337 |
|
|
|a ohne Hilfsmittel zu benutzen
|b n
|2 rdamedia
|
| 338 |
|
|
|a Band
|b nc
|2 rdacarrier
|
| 362 |
0 |
|
|a Nachgewiesen 1975 -
|
| 363 |
0 |
0 |
|i 1975
|
| 655 |
|
7 |
|a Zeitschrift
|0 (DE-588)4067488-5
|0 (DE-627)10454466X
|0 (DE-576)20917000X
|2 gnd-content
|
| 951 |
|
|
|a JT
|
| ELC |
|
|
|b 1
|
| ORI |
|
|
|a SA-MARC-ixtheo_oa001.raw
|
| REL |
|
|
|a 1
|
| SUB |
|
|
|a REL
|